000 01855nam a2200553 i 4500
001 30676
003 KOSZ 005
005 20201103142143.0
008 980702s1995 pl a f |001 0 pol
015 _aUWD 1996/3392
020 _a8301119438
035 _a991003956269705066
035 _a(PL-WaBN)b11053185-48omnis_nlop
035 _ab11053185
035 _a(OCoLC)749547541
035 _a(PL)b0000001105318
035 _a(EXLNZ-48OMNIS_NETWORK)9910177827905606
040 _aWA N
_cWA N
_dKOSZ 005/EG
041 0 _apol
046 _k1995
080 _a612.015
080 _a576.32/.35
080 _a(075.8)
245 0 0 _aMolekularne mechanizmy przekazywania sygnałów w komórce /
_cpod red. Liliany Konarskiej ; [aut. Jolanta Barańska et al.].
260 _aWarszawa :
_bWydaw. Naukowe PWN,
_c1995.
300 _a229, [3] s. :
_brys. ;
_c24 cm.
336 _aTekst
_btxt
_2rdacontent
337 _aBez urządzenia pośredniczącego
_bn
_2rdamedia
338 _aWolumin
_bnc
_2rdacarrier
380 _aKsiążki
380 _aPublikacje dydaktyczne
385 _mPoziom nauczania
_aSzkoły wyższe
388 _a1901-2000
388 _a1989-2000
504 _aBibliogr. przy rozdz. - Indeks.
650 7 _aBiologia molekularna
_2DBN
650 7 _aBłony komórkowe
_2DBN
650 7 _aFizjologia
_2DBN
650 7 _aBiochemia
_2DBN
650 7 _aKomórka (biologia)
_2DBN
655 7 _aPodręczniki akademickie
_2DBN
658 _aBiologia
700 1 _aBarańska, Jolanta
_d(1936- )
_eAutor
700 1 _aKonarska, Liliana
_d(1944-2008)
_eRedakcja
710 2 _aWydawnictwo Naukowe PWN
_4pbl
856 _uhttp://koha.tu.koszalin.pl/cgi-bin/koha/opac-detail.pl?biblionumber=30676
_yKatalog online BPK
942 _2UKD
_cKS
999 _c30676
_d30676